The essentials of political analysis
Saved in:
| Format: | Book |
|---|---|
| Tags: |
Add Tag
No Tags, Be the first to tag this record!
|
| Call Number : |
MARC
| LEADER | 00000pam a2200000 4500 | ||
|---|---|---|---|
| 001 | 26214 | ||
| 003 | MY-KLNDU | ||
| 005 | 20241218081957.0 | ||
| 020 | 0 | 0 | |a 9780872896062 |
| 035 | |a 0000038391 | ||
| 039 | 9 | |a 201208300851 |b azraai |c 200911181248 |d VLOAD |y 200910091751 |z VLOAD | |
| 245 | 0 | 4 | |a The essentials of political analysis |
| 591 | |a 0000009047 |b 05/06/09 |c 0306-08 |d 1 |e RM155.04 |f 1 |g 155.04 |h Pustaka Darul Warisan Sdn. Bhd. | ||
| 999 | |a vtls000035881 |c 26214 |d 26214 | ||


